000 00394nam a22001697a 4500
005 20180619140353.0
008 160601b xxu||||| |||| 00| 0 eng d
020 _a81-7808-649-2
041 _aeng
082 _b6500
_a658
100 _aRobbins Stephen & Coulter, Mary
_91629
245 _aManagement
260 _bPearsons
_c2003
300 _a580
650 _aManagement
_9241
942 _cBK
999 _c2290
_d2289